[Event "Oberliga Nord O 1314"]
[Site "Germany"]
[Date "2014.01.19"]
[Round "5.3"]
[White "Syre, Christian"]
[Black "Braslavskij, Alex"]
[Result "1-0"]
[WhiteElo "2247"]
[BlackElo "2277"]
[PlyCount "83"]
[EventDate "2013.10.13"]
[EventType "team-tourn"]
[EventRounds "9"]
[EventCountry "GER"]
[SourceTitle "EXT 2015"]
[Source "ChessBase"]
[SourceDate "2014.11.20"]
[SourceVersion "1"]
[SourceVersionDate "2014.11.20"]
[SourceQuality "1"]
[WhiteTeam "Oberschoeneweide"]
[BlackTeam "Steglitz Wilmersdorf"]
[WhiteTeamCountry "GER"]
[BlackTeamCountry "GER"]

1. d4 Nf6 2. Nf3 g6 3. c4 Bg7 4. Nc3 0-0 5. e4 d6 6. h3 e5 7. dxe5 dxe5 8. Qxd8 Rxd8 9. Bg5 Re8 10. Nd5 Nxd5 11. cxd5 c6 12. Bc4 cxd5 13. Bxd5 Nc6 14. 0-0 Be6 15. Bxe6 Rxe6 16. Rfd1 Nd4 17. Nxd4 exd4 18. f3 Rc8 19. Rac1 Rec6 20. Kf1 h6 21. Bf4 g5 22. Bd2 Rc2 23. Ke2 Be5 24. Rb1 d3+ 25. Kxd3 Bxb2 26. a4 b6 27. g3 Bf6 28. Rbc1 Rxc1 29. Rxc1 Rd8+ 30. Ke2 Rd4 31. Rc6 Bg7 32. a5 bxa5 33. Ra6 Rd7 34. Bxa5 Kh7 35. Bd2 Bd4 36. h4 f6 37. h5 Kg7 38. Be3 Bxe3 39. Kxe3 Kf7 40. e5 fxe5 41. Rxh6 a5 42. Rh7+ 1-0

[Event "GER-chT Betrieb"]
[Site "Berlin"]
[Date "2009.10.22"]
[Round "2.1"]
[White "Braun, Arik"]
[Black "Braslavskij, Alex"]
[Result "0-1"]
[WhiteElo "2519"]
[BlackElo "2283"]
[PlyCount "76"]
[EventDate "2009.10.22"]
[EventType "team-swiss"]
[EventRounds "7"]
[EventCountry "GER"]
[SourceTitle "EXT 2010"]
[Source "ChessBase"]
[SourceDate "2010.11.25"]
[SourceVersion "1"]
[SourceVersionDate "2010.11.25"]
[SourceQuality "1"]
[WhiteTeam "Berlin Gillette"]
[BlackTeam "Berlin President II"]
[WhiteTeamCountry "GER"]
[BlackTeamCountry "GER"]

1. d4 Nf6 2. c4 g6 3. Nf3 Bg7 4. g3 d6 5. Bg2 0-0 6. 0-0 Nbd7 7. Nc3 e5 8. e4 exd4 9. Nxd4 Nc5 10. h3 Re8 11. Re1 c6 12. Rb1 Nfd7 13. f4 a5 14. Be3 a4 15. Qd2 Qa5 16. Bf2 Nb6 17. Bf1 Bd7 18. Nc2 Nc8 19. Bd4 Bxd4+ 20. Qxd4 Ne6 21. Qd2 Qc5+ 22. Kh2 Nb6 23. b4 axb3 24. axb3 Nf8 25. e5 dxe5 26. Ne4 Qe7 27. Nd6 Reb8 28. Rxe5 Be6 29. f5 Rd8 30. c5 gxf5 31. Nd4 Qf6 32. Rc1 Nbd7 33. Rxf5 Bxf5 34. N4xf5 Nxc5 35. Bc4 Qxf5 36. Rf1 Rxd6 37. Qxd6 Qc2+ 38. Kg1 Nfe6 0-1

[Event "Maccabiah GM"]
[Site "Jerusalem"]
[Date "2005.07.13"]
[Round "3"]
[White "Gershkowich, David"]
[Black "Braslavskij, Alex"]
[Result "1/2-1/2"]
[WhiteElo "2340"]
[BlackElo "2315"]
[PlyCount "83"]
[EventDate "2005.07.10"]
[EventType "tourn"]
[EventRounds "9"]
[EventCountry "ISR"]
[EventCategory "4"]
[SourceTitle "CBM 107 Extra"]
[Source "ChessBase"]
[SourceDate "2005.09.01"]
[SourceVersion "1"]
[SourceVersionDate "2005.09.01"]
[SourceQuality "1"]

1. e4 e6 2. d4 d5 3. e5 c5 4. c3 Qb6 5. Nf3 Nc6 6. a3 c4 7. Nbd2 Na5 8. g3 Bd7 9. Bh3 0-0-0 10. 0-0 f5 11. exf6 gxf6 12. Re1 Nh6 13. Nf1 Nb3 14. Rb1 Nxc1 15. Qxc1 Nf7 16. b3 cxb3 17. c4 Bh6 18. Qc3 Qc7 19. Bxe6 Bxe6 20. Rxe6 dxc4 21. Rxf6 Bg7 22. Re6 Nd6 23. Ne3 Rhf8 24. Ne5 Rxf2 25. Rxd6 Qxd6 26. N3xc4 Qc7 27. Kxf2 b5 28. Rxb3 bxc4 29. Qxc4 Qxc4 30. Nxc4 Rxd4 31. Rc3 Kd7 32. Kf3 Bf6 33. Rc2 Ke6 34. a4 h5 35. a5 Rd3+ 36. Ke2 Rb3 37. Nd2 Ra3 38. Rc6+ Kf5 39. Nc4 Ra2+ 40. Kf3 Rxh2 41. g4+ hxg4+ 42. Ke3 1/2-1/2

[Event "Solingen op-A"]
[Site "Solingen"]
[Date "2005.05.26"]
[Round "2"]
[White "Wirths, Clara"]
[Black "Braslavskij, Alex"]
[Result "0-1"]
[WhiteElo "1841"]
[BlackElo "2287"]
[PlyCount "60"]
[EventDate "2005.05.26"]
[EventType "swiss"]
[EventRounds "7"]
[EventCountry "GER"]
[SourceTitle "EXT 2006"]
[Source "ChessBase"]
[SourceDate "2005.11.24"]
[SourceVersion "1"]
[SourceVersionDate "2005.11.24"]
[SourceQuality "1"]

1. e4 e6 2. d4 d5 3. Nc3 Nf6 4. e5 Nfd7 5. Nce2 c5 6. c3 Nc6 7. Nf3 cxd4 8. cxd4 Qa5+ 9. Bd2 Bb4 10. Nc3 f6 11. a3 Be7 12. exf6 Nxf6 13. Bd3 Qc7 14. 0-0 Bd7 15. Rc1 a6 16. Re1 0-0 17. g3 Bd6 18. Ne2 Qb6 19. Bc3 Ng4 20. Ng5 h6 21. Nh3 e5 22. Bb1 exd4 23. Nxd4 Nge5 24. Nf4 Nxd4 25. Nxd5 Ndf3+ 26. Kh1 Qd8 27. Nf4 Nxe1 28. Ba2+ Kh7 29. Bxe5 Bxe5 30. Bb1+ Bf5 0-1

[Event "BL2-West 0405"]
[Site "Germany"]
[Date "2005.04.10"]
[Round "9.8"]
[White "Braslavskij, Alex"]
[Black "Luetke, Jens"]
[Result "1-0"]
[WhiteElo "2283"]
[BlackElo "2316"]
[PlyCount "123"]
[EventDate "2004.10.13"]
[EventType "team-tourn"]
[EventRounds "9"]
[EventCountry "GER"]
[SourceTitle "EXT 2006"]
[Source "ChessBase"]
[SourceDate "2005.11.24"]
[SourceVersion "1"]
[SourceVersionDate "2005.11.24"]
[SourceQuality "1"]
[WhiteTeam "Bergheim"]
[BlackTeam "Koeln SF"]
[WhiteTeamCountry "GER"]
[BlackTeamCountry "GER"]

1. e4 e5 2. Nf3 Nc6 3. Bb5 a6 4. Ba4 Nf6 5. 0-0 b5 6. Bb3 Bb7 7. Re1 Be7 8. c3 0-0 9. d4 d6 10. Nbd2 Re8 11. Ng5 Rf8 12. Nf1 h6 13. Nf3 Re8 14. a4 Bf8 15. Ng3 Qd7 16. Bc2 Qd8 17. Bd3 Na7 18. b3 c6 19. h3 Nc8 20. Bb2 Nd7 21. Qd2 g6 22. c4 bxc4 23. Bxc4 a5 24. dxe5 dxe5 25. Nxe5 Nxe5 26. Qxd8 Rxd8 27. Bxe5 Bg7 28. Bxg7 Kxg7 29. Rad1 Nb6 30. Be2 Nd7 31. f4 Nc5 32. Bc4 Ba6 33. Bxa6 Rxd1 34. Rxd1 Rxa6 35. e5 Rb6 36. Rb1 Nxa4 37. Ra1 Nc5 38. Rxa5 Nxb3 39. Ra7 Nd4 40. Ne4 Ne2+ 41. Kh2 Nxf4 42. Nd6 g5 43. Rxf7+ Kg8 44. Rxf4 gxf4 45. e6 c5 46. e7 Rb8 47. e8Q+ Rxe8 48. Nxe8 c4 49. Nf6+ Kf7 50. Nd5 h5 51. Nxf4 c3 52. Ne2 c2 53. g4 hxg4 54. hxg4 Kf6 55. Kg3 Kg5 56. Kf3 Kg6 57. Kf4 Kf6 58. g5+ Kg6 59. Kg4 Kg7 60. Kf5 Kf7 61. g6+ Kg7 62. Kg5 1-0

[Event "Linares Anibal op 11th"]
[Site "Linares"]
[Date "2005.03.02"]
[Round "7"]
[White "De la Paz Perdomo, Frank"]
[Black "Braslavskij, Alex"]
[Result "1/2-1/2"]
[WhiteElo "2466"]
[BlackElo "2296"]
[PlyCount "84"]
[EventDate "2005.02.25"]
[EventType "swiss"]
[EventRounds "9"]
[EventCountry "ESP"]
[SourceTitle "CBM 105 Extra"]
[Source "ChessBase"]
[SourceDate "2005.05.01"]
[SourceVersion "1"]
[SourceVersionDate "2005.05.01"]
[SourceQuality "1"]

1. e4 e6 2. d4 d5 3. Nd2 c5 4. exd5 Qxd5 5. Ngf3 cxd4 6. Bc4 Qd6 7. Qe2 Nf6 8. Nb3 Nc6 9. Bg5 Be7 10. 0-0-0 Qc7 11. Nbxd4 Nxd4 12. Nxd4 a6 13. Kb1 0-0 14. Nf3 b5 15. Bd3 Bb7 16. Ne5 Nd5 17. h4 Rac8 18. c3 Bd6 19. Nf3 Nf4 20. Bxf4 Bxf4 21. g3 Bxf3 22. Qxf3 Be5 23. h5 Rfd8 24. Qe4 g6 25. Bc2 Bg7 26. Qh4 a5 27. a3 b4 28. hxg6 hxg6 29. axb4 axb4 30. Qxb4 Ra8 31. Rxd8+ Qxd8 32. Qc5 Rc8 33. Qe3 Qa5 34. Bxg6 Bxc3 35. bxc3 Rb8+ 36. Kc1 Qa1+ 37. Kd2 Rb2+ 38. Bc2 Qxh1 39. Qg5+ Kf8 40. Qd8+ Kg7 41. Qg5+ Kf8 42. Qd8+ Kg7 1/2-1/2

[Event "BL2-West 0405"]
[Site "Germany"]
[Date "2005.01.16"]
[Round "5.8"]
[White "Tazbir, Marcin"]
[Black "Braslavskij, Alex"]
[Result "1-0"]
[WhiteElo "2340"]
[BlackElo "2283"]
[PlyCount "97"]
[EventDate "2004.10.13"]
[EventType "team-tourn"]
[EventRounds "9"]
[EventCountry "GER"]
[SourceTitle "EXT 2006"]
[Source "ChessBase"]
[SourceDate "2005.11.24"]
[SourceVersion "1"]
[SourceVersionDate "2005.11.24"]
[SourceQuality "1"]
[WhiteTeam "Griesheim"]
[BlackTeam "Bergheim"]
[WhiteTeamCountry "GER"]
[BlackTeamCountry "GER"]

1. e4 e6 2. d3 d5 3. Qe2 Be7 4. Nf3 c5 5. g3 Nf6 6. Bg2 Nc6 7. 0-0 0-0 8. e5 Nd7 9. c4 Re8 10. Re1 Nf8 11. h4 b6 12. h5 Bb7 13. Nc3 Qd7 14. Bf4 Nd4 15. Nxd4 cxd4 16. Nb5 Rad8 17. Red1 dxc4 18. Bxb7 Qxb7 19. dxc4 Bc5 20. Bg5 Be7 21. Bxe7 Qxe7 22. Rxd4 Rxd4 23. Nxd4 Qg5 24. Kh2 f6 25. f4 Qh6 26. exf6 Qxf6 27. Nc6 Nd7 28. Rd1 e5 29. Qe4 Qf7 30. Qd5 Qxd5 31. Rxd5 Nf6 32. fxe5 Ng4+ 33. Kh3 Ne3 34. Rd4 Nf5 35. Rd7 Rc8 36. Nd4 Nxd4 37. Rxd4 Kf8 38. e6 Re8 39. Rf4+ Kg8 40. Re4 Kf8 41. e7+ Rxe7 42. Rxe7 Kxe7 43. Kg4 Kd6 44. Kf5 a5 45. Ke4 Kc5 46. Kd3 Kb4 47. Kd4 a4 48. Kd5 a3 49. bxa3+ 1-0

[Event "Krakow op"]
[Site "Krakow"]
[Date "2004.12.30"]
[Round "4"]
[White "Braslavskij, Alex"]
[Black "Czakon, Jakub"]
[Result "0-1"]
[WhiteElo "2283"]
[BlackElo "2416"]
[PlyCount "72"]
[EventDate "2004.12.27"]
[EventType "swiss"]
[EventRounds "9"]
[EventCountry "POL"]
[SourceTitle "CBM 104 Extra"]
[Source "ChessBase"]
[SourceDate "2005.03.01"]
[SourceVersion "1"]
[SourceVersionDate "2005.03.01"]
[SourceQuality "1"]

1. e4 c5 2. Nf3 d6 3. d4 cxd4 4. Nxd4 Nf6 5. Nc3 a6 6. Bc4 e6 7. Bb3 Nc6 8. Be3 Be7 9. Qe2 Qc7 10. 0-0-0 Na5 11. f4 Nxb3+ 12. axb3 b5 13. e5 dxe5 14. fxe5 Nd7 15. Qg4 Bb7 16. Rhe1 b4 17. Na4 g6 18. Bh6 Bd5 19. Qf4 Rg8 20. Bg5 Bxg5 21. Qxg5 Qd8 22. Qe3 Bxg2 23. Nf3 Qc7 24. Ng5 h6 25. Nh7 0-0-0 26. Rd4 Rh8 27. Rc4 Bc6 28. Nf6 Nxf6 29. exf6 a5 30. Nc5 Rd5 31. Nd3 Rhd8 32. Ne5 R8d6 33. Qxh6 Kb7 34. Qf8 Qb6 35. Qxf7+ Bd7 36. Qxg6 Qe3+ 0-1

[Event "Krakow op"]
[Site "Krakow"]
[Date "2004.12.28"]
[Round "2"]
[White "Braslavskij, Alex"]
[Black "Moranda, Wojciech"]
[Result "1/2-1/2"]
[WhiteElo "2283"]
[BlackElo "2458"]
[PlyCount "88"]
[EventDate "2004.12.27"]
[EventType "swiss"]
[EventRounds "9"]
[EventCountry "POL"]
[SourceTitle "CBM 104 Extra"]
[Source "ChessBase"]
[SourceDate "2005.03.01"]
[SourceVersion "1"]
[SourceVersionDate "2005.03.01"]
[SourceQuality "1"]

1. e4 c5 2. Nf3 d6 3. d4 cxd4 4. Nxd4 Nf6 5. Nc3 g6 6. Be3 Bg7 7. f3 0-0 8. Bc4 Nc6 9. Qd2 Bd7 10. 0-0-0 Rb8 11. Bb3 Na5 12. Bh6 Bxh6 13. Qxh6 b5 14. Kb1 e5 15. Nde2 Nxb3 16. axb3 b4 17. Nd5 Nxd5 18. Rxd5 Be6 19. Rdd1 Qc7 20. h4 Rfc8 21. Rd2 Rb6 22. h5 Ra6 23. hxg6 fxg6 24. f4 Bg4 25. c4 Rf8 26. Rh4 Bxe2 27. Rxe2 Rf7 28. f5 d5 29. exd5 Rxf5 30. Rhe4 Raf6 31. Qe3 Rf1+ 32. Re1 Qf7 33. Qc5 Rxe1+ 34. Rxe1 Rb6 35. Qe3 Qf5+ 36. Qe4 Rf6 37. c5 Kf8 38. Qxf5 Rxf5 39. d6 Ke8 40. c6 Kd8 41. Rc1 Kc8 42. Rd1 Kd8 43. g4 Rf6 44. Rd5 h5 1/2-1/2

[Event "Vladimir op"]
[Site "Vladimir"]
[Date "2004.08.19"]
[Round "2"]
[White "Braslavskij, Alex"]
[Black "Ivanova, Anastasia"]
[Result "1-0"]
[WhiteElo "2276"]
[BlackElo "2049"]
[PlyCount "57"]
[EventDate "2004.08.18"]
[EventType "swiss"]
[EventRounds "9"]
[EventCountry "RUS"]
[SourceTitle "EXT 2005"]
[Source "ChessBase"]
[SourceDate "2004.11.15"]
[SourceVersion "1"]
[SourceVersionDate "2004.11.15"]
[SourceQuality "1"]

1. e4 c5 2. Nf3 e6 3. d4 cxd4 4. Nxd4 a6 5. Nc3 b5 6. Bd3 Bc5 7. Nb3 Be7 8. Be3 Qc7 9. 0-0 Nf6 10. f4 d6 11. e5 Nfd7 12. exd6 Bxd6 13. Be4 Nc6 14. Nd4 Nxd4 15. Qxd4 Bc5 16. Qxg7 Bxe3+ 17. Kh1 Bb7 18. Bxb7 Qxb7 19. Qxh8+ Ke7 20. Qxh7 Nf6 21. Qh3 Rg8 22. Qf3 Qa7 23. f5 Bd4 24. fxe6 fxe6 25. Rae1 Rh8 26. Nd5+ Nxd5 27. Qxd5 Be3 28. Qe4 Qc7 29. h3 1-0

[Event "Schwarzach op-A 18th"]
[Site "Salzburg"]
[Date "2003.08.29"]
[Round "7.10"]
[White "Riedel, Wolfgang"]
[Black "Braslavskij, Alex"]
[Result "1-0"]
[WhiteElo "2341"]
[BlackElo "2243"]
[PlyCount "49"]
[EventDate "2003.08.23"]
[EventType "swiss"]
[EventRounds "9"]
[EventCountry "AUT"]
[SourceTitle "EXT 2004"]
[Source "ChessBase"]
[SourceDate "2003.11.25"]
[SourceVersion "1"]
[SourceVersionDate "2003.11.25"]
[SourceQuality "1"]

1. d4 Nf6 2. c4 g6 3. Nc3 Bg7 4. e4 d6 5. f4 0-0 6. Nf3 c5 7. d5 e6 8. dxe6 Bxe6 9. Bd3 Nc6 10. f5 Bd7 11. 0-0 Ne7 12. Ng5 Qb6 13. Kh1 Rad8 14. Rb1 Bc6 15. fxg6 hxg6 16. Qe1 Ng4 17. Qh4 Nh6 18. Nh3 g5 19. Bxg5 Ng6 20. Qh5 Kh7 21. Nd5 Bxd5 22. exd5 Qc7 23. Bxh6 Bxh6 24. Ng5+ Kg7 25. Ne6+ 1-0

[Event "Olomouc Valoz Cup"]
[Site "Olomouc"]
[Date "2003.08.01"]
[Round "3"]
[White "Braslavskij, Alex"]
[Black "Salai, Ladislav"]
[Result "0-1"]
[WhiteElo "2243"]
[BlackElo "2421"]
[PlyCount "82"]
[EventDate "2003.07.30"]
[EventType "tourn"]
[EventRounds "11"]
[EventCountry "CZE"]
[EventCategory "3"]
[SourceTitle "CBM 095 Extra"]
[Source "ChessBase"]
[SourceDate "2003.09.04"]
[SourceVersion "1"]
[SourceVersionDate "2003.09.04"]
[SourceQuality "1"]

1. e4 c5 2. Nf3 Nc6 3. d4 cxd4 4. Nxd4 Nf6 5. Nc3 e5 6. Ndb5 d6 7. Nd5 Nxd5 8. exd5 Nb8 9. c4 Be7 10. Be2 a6 11. Nc3 0-0 12. 0-0 f5 13. f4 Bf6 14. Qc2 Nd7 15. Kh1 exf4 16. Bxf4 Ne5 17. Be3 Ng6 18. Qd2 Bd7 19. Rae1 Rc8 20. c5 dxc5 21. d6 Kh8 22. Nd5 Rc6 23. Bf3 Ne5 24. Nxf6 Nxf3 25. Rxf3 Qxf6 26. Bf4 Rf7 27. Rfe3 Rc8 28. Re7 Rcf8 29. Be5 Qh4 30. Bc3 Bc6 31. Qe3 Be4 32. Qxc5 Rxe7 33. dxe7 Re8 34. Bb4 Qg4 35. Rg1 f4 36. Qf2 f3 37. g3 Bc6 38. Bd6 Qd4 39. Bc5 Qxc5 40. Qxc5 f2+ 41. Qxc6 fxg1Q+ 0-1

[Event "Recklinghausen op 13th"]
[Site "Recklinghausen"]
[Date "2002.08.25"]
[Round "9"]
[White "Braslavskij, Alex"]
[Black "Tomic, Bosko"]
[Result "1-0"]
[WhiteElo "2217"]
[BlackElo "2182"]
[PlyCount "94"]
[EventDate "2002.08.19"]
[EventType "swiss"]
[EventRounds "9"]
[EventCountry "GER"]
[SourceTitle "CBM 089 Extra"]
[Source "ChessBase"]
[SourceDate "2002.09.10"]
[SourceVersion "2"]
[SourceVersionDate "2002.09.10"]
[SourceQuality "1"]

1. e4 c5 2. Nf3 e6 3. d4 cxd4 4. Nxd4 a6 5. c4 Nf6 6. Nc3 d6 7. Be2 Qc7 8. 0-0 b6 9. Be3 Bb7 10. f3 Nbd7 11. Qd2 Be7 12. Rac1 0-0 13. g4 h6 14. h4 d5 15. e5 Qxe5 16. Bf4 Qxd4+ 17. Qxd4 Bc5 18. Qxc5 Nxc5 19. b4 Ncd7 20. g5 Nh5 21. Bd6 Rfe8 22. cxd5 exd5 23. Rfd1 Rac8 24. f4 Re6 25. Be5 Nxe5 26. fxe5 Rxe5 27. Bxh5 Rc4 28. Bf3 Rxh4 29. gxh6 Rg5+ 30. Kf2 Rh2+ 31. Ke3 Rxh6 32. Nxd5 Rh3 33. Kf4 Bxd5 34. Rxd5 Rxd5 35. Bxd5 Rh4+ 36. Ke5 Rxb4 37. Rc8+ Kh7 38. Bxf7 Rb5+ 39. Kd6 a5 40. Rb8 g5 41. Kc6 Rf5 42. Rb7 Kh6 43. Kxb6 g4 44. Kc6 g3 45. Bd5 Kg5 46. Rb5 Rf8 47. Rxa5 Kf4 1-0

[Event "Recklinghausen op 13th"]
[Site "Recklinghausen"]
[Date "2002.08.23"]
[Round "7"]
[White "Braslavskij, Alex"]
[Black "Wyrwich, Markus"]
[Result "1/2-1/2"]
[WhiteElo "2217"]
[BlackElo "2150"]
[PlyCount "61"]
[EventDate "2002.08.19"]
[EventType "swiss"]
[EventRounds "9"]
[EventCountry "GER"]
[SourceTitle "CBM 089 Extra"]
[Source "ChessBase"]
[SourceDate "2002.09.10"]
[SourceVersion "2"]
[SourceVersionDate "2002.09.10"]
[SourceQuality "1"]

1. e4 c5 2. Nf3 Nc6 3. d4 cxd4 4. Nxd4 Nf6 5. Nc3 e5 6. Ndb5 d6 7. Nd5 Nxd5 8. exd5 Nb8 9. c4 Be7 10. Bd3 0-0 11. 0-0 a6 12. Nc3 f5 13. f3 Nd7 14. Qe2 Bg5 15. Na4 Bxc1 16. Raxc1 Nb6 17. Nxb6 Qxb6+ 18. Qf2 Qxf2+ 19. Rxf2 b6 20. b4 Bb7 21. c5 bxc5 22. bxc5 Bxd5 23. cxd6 e4 24. fxe4 fxe4 25. Bc4 Bxc4 26. Rxc4 e3 27. Rf3 Rab8 28. Kf1 Rfe8 29. Rc1 Rbd8 30. Rc6 Rb8 31. Rc1 1/2-1/2

[Event "Oberliga NRW 0102 I"]
[Site "Germany"]
[Date "2002.05.05"]
[Round "9.8"]
[White "Braslavskij, Alex"]
[Black "Weber, Franz Josef"]
[Result "1-0"]
[WhiteElo "2220"]
[BlackElo "2163"]
[PlyCount "89"]
[EventDate "2001.10.??"]
[EventType "team"]
[EventRounds "9"]
[EventCountry "GER"]
[SourceTitle "EXT 2004"]
[Source "ChessBase"]
[SourceDate "2003.11.25"]
[SourceVersion "1"]
[SourceVersionDate "2003.11.25"]
[SourceQuality "1"]
[WhiteTeam "Elberfeld"]
[BlackTeam "Monheim"]
[WhiteTeamCountry "GER"]
[BlackTeamCountry "GER"]

1. e4 g6 2. d4 Bg7 3. Nc3 d6 4. f4 c6 5. Nf3 Bg4 6. Be2 Qb6 7. e5 Nh6 8. Ne4 Nf5 9. c3 Nd7 10. Nf2 Bxf3 11. Bxf3 d5 12. Nd3 e6 13. g4 Nh4 14. Be3 f6 15. Qe2 0-0 16. 0-0-0 fxe5 17. dxe5 Qa5 18. Kb1 Nxf3 19. Qxf3 Nxe5 20. Nxe5 Bxe5 21. Qg3 Qa4 22. fxe5 Qe4+ 23. Ka1 Rf3 24. Qh4 Rxe3 25. Qe7 Qxe5 26. Qxb7 Rb8 27. Qxa7 Re2 28. Rb1 Rf8 29. h4 Qd6 30. Rhf1 Re4 31. h5 Rxf1 32. Rxf1 Rf4 33. Rh1 Qf8 34. Qa6 g5 35. a3 Qe8 36. h6 Rf6 37. Qa7 Rf7 38. Qb6 Rf6 39. Qc7 Qf8 40. Qxc6 Rxh6 41. Rxh6 Qxh6 42. a4 Kf7 43. a5 d4 44. cxd4 Qh4 45. a6 1-0

[Event "Oberliga NRW 0001 playoff"]
[Site "NRW"]
[Date "2001.06.11"]
[Round "1.5"]
[White "Dahm, Jochen"]
[Black "Braslavskij, Alex"]
[Result "0-1"]
[WhiteElo "2200"]
[BlackElo "2216"]
[PlyCount "41"]
[EventDate "2001.06.11"]
[EventType "team"]
[EventRounds "1"]
[EventCountry "GER"]
[SourceTitle "EXT 2006"]
[Source "ChessBase"]
[SourceDate "2005.11.24"]
[SourceVersion "1"]
[SourceVersionDate "2005.11.24"]
[SourceQuality "1"]
[WhiteTeam "Bochum II"]
[BlackTeam "Elberfeld"]
[WhiteTeamCountry "GER"]
[BlackTeamCountry "GER"]

1. e4 e6 2. d4 d5 3. Nc3 Nf6 4. Bg5 Be7 5. e5 Nfd7 6. h4 c5 7. Bxe7 Kxe7 8. dxc5 Nxe5 9. Qh5 Nbc6 10. 0-0-0 Qa5 11. f4 Nd7 12. Nf3 h6 13. Qg4 Nf6 14. Qxg7 Rg8 15. Qxh6 Rg6 16. Qh8 Qxc5 17. h5 Rg8 18. Qh6 Bd7 19. f5 Ng4 20. Qd2 Qe3 21. Nxd5+ 0-1

[Event "Essen op"]
[Site "Essen Borbeck"]
[Date "2001.04.15"]
[Round "8"]
[White "Braslavskij, Alex"]
[Black "Kartsev, Soel"]
[Result "1/2-1/2"]
[WhiteElo "2232"]
[BlackElo "2217"]
[PlyCount "145"]
[EventDate "2001.04.11"]
[EventType "swiss"]
[EventRounds "9"]
[EventCountry "GER"]
[SourceTitle "CBM 081 Extra"]
[Source "ChessBase"]
[SourceDate "2001.05.06"]
[SourceVersion "1"]
[SourceVersionDate "2001.05.06"]
[SourceQuality "1"]

1. e4 d5 2. exd5 Nf6 3. d4 Nxd5 4. c4 Nb6 5. Nc3 g6 6. Nf3 Bg7 7. c5 Nd5 8. Bc4 c6 9. Qb3 0-0 10. Nxd5 cxd5 11. Bxd5 Nc6 12. Bxc6 bxc6 13. 0-0 Bg4 14. Ne5 Qxd4 15. Nxg4 Qxg4 16. Rb1 Rfd8 17. Be3 a5 18. Qc2 Rd5 19. h3 Qb4 20. a3 Qb5 21. Qe4 e5 22. g4 Qb3 23. Rfc1 Rad8 24. Kg2 Qd3 25. Qxd3 Rxd3 26. b4 Rxa3 27. b5 a4 28. bxc6 Rb3 29. Rxb3 axb3 30. Rb1 Kf8 31. Rxb3 Rc8 32. Rb6 Ke7 33. g5 Ke6 34. Kf3 Kd5 35. Rb7 e4+ 36. Ke2 Ke6 37. Rb6 Be5 38. Bd2 Kd5 39. Rb7 Bc7 40. Bb4 Kxc6 41. Ra7 Rb8 42. Bd2 Rb2 43. Ke3 Bf4+ 44. Kxf4 Rxd2 45. Ke3 Rd3+ 46. Kxe4 Rxh3 47. Rxf7 Kxc5 48. Ke5 Kc6 49. f4 Rh4 50. Ra7 Kb6 51. Ra1 Kc7 52. Rd1 Kc6 53. Rd2 Kc7 54. Rd4 Kc6 55. Kf6 Kc5 56. Ra4 Kd5 57. Kf7 Rh1 58. Kg8 Ke6 59. Ra7 h5 60. Kg7 Kf5 61. Rf7+ Kg4 62. Kxg6 h4 63. f5 Rf1 64. Rh7 h3 65. f6 Rf5 66. Rh5 Rf2 67. Rxh3 Kxh3 68. Kf7 Kg4 69. g6 Kg5 70. g7 Rxf6+ 71. Ke8 Rg6 72. Kf7 Rxg7+ 73. Kxg7 1/2-1/2

[Event "Essen op"]
[Site "Essen Borbeck"]
[Date "2001.04.14"]
[Round "6"]
[White "Braslavskij, Alex"]
[Black "Friedrichs, Klaus"]
[Result "0-1"]
[WhiteElo "2232"]
[BlackElo "2348"]
[PlyCount "124"]
[EventDate "2001.04.11"]
[EventType "swiss"]
[EventRounds "9"]
[EventCountry "GER"]
[SourceTitle "CBM 081 Extra"]
[Source "ChessBase"]
[SourceDate "2001.05.06"]
[SourceVersion "1"]
[SourceVersionDate "2001.05.06"]
[SourceQuality "1"]

1. e4 d5 2. exd5 Qxd5 3. Nc3 Qa5 4. d4 c6 5. Nf3 Nf6 6. Bc4 Bf5 7. 0-0 e6 8. Qe2 Nbd7 9. Be3 Be7 10. a3 0-0 11. Rfe1 Rfe8 12. Rad1 Bg4 13. Bb3 Qh5 14. h3 Bxf3 15. Qxf3 Qxf3 16. gxf3 Nf8 17. Ne4 Ng6 18. Nxf6+ Bxf6 19. Kg2 Red8 20. c3 Rd7 21. Kg3 Bh4+ 22. Kg2 Bd8 23. Bc1 Kf8 24. Re4 Bc7 25. Rde1 Ne7 26. Kf1 h6 27. h4 h5 28. Bg5 Ng6 29. Rd1 Bd8 30. Bxd8 Raxd8 31. Bc4 Ke7 32. Kg2 Kf6 33. b4 Re7 34. f4 b5 35. Bd3 a5 36. Kg3 Ra7 37. Be2 axb4 38. axb4 Ra3 39. Re3 Ne7 40. Red3 g6 41. Rc1 Nd5 42. Rf3 Rda8 43. c4 Nxb4 44. cxb5 cxb5 45. Bxb5 Rxf3+ 46. Kxf3 Ra3+ 47. Kg2 Nd5 48. f3 Nxf4+ 49. Kg3 Nd5 50. Rc6 Ra5 51. Rc5 Ne7 52. Bc4 Nf5+ 53. Kf2 Ra7 54. d5 exd5 55. Bxd5 Nxh4 56. Be4 Ra2+ 57. Kg3 g5 58. Rc6+ Kg7 59. Rc7 Re2 60. Rc5 Kh6 61. Rc7 f5 62. Rc6+ Kg7 0-1

[Event "Essen op"]
[Site "Essen Borbeck"]
[Date "2001.04.13"]
[Round "4"]
[White "Braslavskij, Alex"]
[Black "Bashilin, Roman"]
[Result "1-0"]
[WhiteElo "2232"]
[BlackElo "2354"]
[PlyCount "27"]
[EventDate "2001.04.11"]
[EventType "swiss"]
[EventRounds "9"]
[EventCountry "GER"]
[SourceTitle "CBM 081 Extra"]
[Source "ChessBase"]
[SourceDate "2001.05.06"]
[SourceVersion "1"]
[SourceVersionDate "2001.05.06"]
[SourceQuality "1"]

1. e4 e6 2. d4 d5 3. Nc3 Bb4 4. e5 c5 5. a3 Bxc3+ 6. bxc3 Ne7 7. Nf3 Bd7 8. a4 Qa5 9. Qd2 Bxa4 10. dxc5 Nec6 11. Nd4 Nxd4 12. Qxd4 b5 13. cxb6 axb6 14. Rxa4 1-0